000 00280nam a2200121Ia 4500
008 191201s2013 xx 000 0 und d
100 _aSRINIVASAN, S
245 0 _aAutomotive Mechanics
260 _aN. delhi
_bTMH
_c2013
300 _a551
650 _aB.Tech(ME)
942 _2ddc
_cBK
999 _c6108
_d6108